Los males sagrados / (Registro nro. 9289)

Detalles MARC
000 -CABECERA
Campo de control interno 01615nam a2200241Ia 4500
008 - ELEMENTOS DE LONGITUD FIJA - INFORMACIÓN GENERAL
Campo de control de longitud fija 260220t1976||||xx |||||||||||||| ||spa||
040 ## - FUENTE DE CATALOGACIÓN
Agencia de catalogación original PY-SlUNAC
Idioma de catalogación spa
Convenciones de descripción rda
041 ## - CÓDIGO DE IDIOMA
Código de idioma para texto/pista de sonido o título separado spa
082 ## - NÚMERO DE CLASIFICACIÓN DECIMAL DEWEY
Clasificación Decimal Dewey (CDD) 863
Clasificación Expansiva de Cutter (EC) Un1m
100 ## - ASIENTO PRINCIPAL - NOMBRE PERSONAL
Nombre personal Umbral, Francisco
Rol del autor Autor
245 #0 - TÍTULO
Título Los males sagrados /
Mención de responsabilidad por Francisco Umbral [Autor]
264 ## - PIE DE IMPRENTA
Lugar Barcelona :
Editorial Destino,
Año ℗1976.
300 ## - DESCRIPCIÓN FÍSICA
Páginas 1 volumen
520 ## - NOTA DE RESUMEN
Nota de resumen "Los males sagrados" de Francisco Umbral es una obra que explora la complejidad de la condición humana a través de una serie de relatos en los que se entrelazan lo sagrado y lo profano. En este libro, Umbral utiliza un estilo periodístico y literario para abordar temas como la soledad, la búsqueda de identidad y la lucha interna entre el deseo y la moralidad. A través de personajes que representan diversas facetas de la sociedad española, el autor revela las contradicciones y tensiones que la definen. La narrativa se caracteriza por un lenguaje poético y incisivo, lo que permite al lector reflexionar sobre las cuestiones existenciales que enfrenta cada individuo. La obra invita a cuestionar los valores establecidos y a considerar cómo los "males sagrados" pueden manifestarse en la vida cotidiana, mostrando que lo divino y lo terrenal a menudo se encuentran en un delicado equilibrio. Así, Umbral ofrece una visión profunda y crítica de su época.
653 ## - MATERIA - TÉRMINO TEMÁTICO NO CONTROLADO (PALABRAS CLAVE)
Materia - término temático no controlado (palabras clave) Cultura
653 ## - MATERIA - TÉRMINO TEMÁTICO NO CONTROLADO (PALABRAS CLAVE)
Materia - término temático no controlado (palabras clave) Literatura
653 ## - MATERIA - TÉRMINO TEMÁTICO NO CONTROLADO (PALABRAS CLAVE)
Materia - término temático no controlado (palabras clave) Religión
942 ## - ELEMENTOS PERSONALIZADOS (KOHA)
Fecha catalogación 2026/02/17
Tipo de documento Libros
Existencias
Fuente de Clasificacion Colección Ubicacion permanente Biblioteca actual Fecha de Ingreso a la Biblioteca Origen de adquisición Código de ubicación Código de barras Tipo de Item KOHA Nota pública
Dewey Decimal Classification Colección General (CG) Biblioteca e Internet, Facultad de Ciencias Exactas y Naturales Biblioteca e Internet, Facultad de Ciencias Exactas y Naturales 02/20/2026 Donación 863 Un1m CG2649 Libros Material disponible en la Biblioteca e Intenet, Campus UNA, San Lorenzo.